| 000 | 03863nam0a22006131 4500 | ||
|---|---|---|---|
| 001 | RU\NLR\A1\25160 | ||
| 005 | 20260407090946.0 | ||
| 035 | _a(NLR Aleph) 009679484 | ||
| 090 |
_a9696237 _c9696237 |
||
| 100 | _a19990311d1768 m y0rusy50 ca | ||
| 101 | 0 | _arus | |
| 102 | _aRU | ||
| 135 | _acrcn 024anaba | ||
| 140 | _ay y ma cayaa0000 | ||
| 200 | 1 |
_aСемира _fтрагедия Александра Сумарокова. _gПредставлена в перьвый раз в Санктпетербурге на Императорском теятре в исходе 1751 года |
|
| 210 |
_a[Санкт-Петербург] _cпечатано при Императорской Академии наук _d1768 |
||
| 215 |
_a91, [1] с. _d8° |
||
| 300 | _aНапеч. на счет "Кабинета е. и. в." | ||
| 300 | _aТираж 1200 экз. | ||
| 316 |
_aЭкз. РНБ (18.148.6.21) в коричневом цельнокожаном марморирован. пер. Корешок с 5-ю бинтами и золотым тиснением (позолота полностью утрачена). На корешке коричневая кожаная наклейка с вытесненным загл.: "Семира тра". На верхней и нижней крышках пер. вытеснены линейные рамки. На нижней крышке пер. экслибрис рус. фонда ГПБ с шифром. Обрез крапчатый, коричневый. На форзаце ярлык с шифром РНБ, наклеенный поверх другого ярлыка. Форзац и нахзац из бумаги "павлинье перо". При переплете после форзаца и перед нахзацем были вплетены доп. пустые листы. На тит.л., с.33 и 91 круглый штамп ГПБ. Имеются пятна. Размер: 18,3 х 11,2 х 1,2 см. _5NLR: 18.148.6.21 |
||
| 317 |
_aЭкз. ЗНБ СГУ из б-ки И.А. Шляпкина _5ЗНБ СГУ |
||
| 321 | 1 | _aСК XVIII 7034 | |
| 325 | _aКопия доступна в Электрон. б-ке РНБ | ||
| 620 | _dСанкт-Петербург | ||
| 700 | 1 |
_4070 _8rus _7ca _aСумароков _bА. П. _f1717-1777 _gАлександр Петрович _3RU\NLR\AUTH\772863 _9112870 |
|
| 702 | 1 |
_4390 _8rus _7ca _aШляпкин _bИ. А. _f1858-1918 _gИлья Александрович _3RU\NLR\AUTH\7784674 _967602 |
|
| 712 | 0 | 1 |
_4400 _aРоссия _bКабинет Его Императорского Величества _9363934 _3RU\NLR\AUTH\889934416 |
| 712 | 0 | 2 |
_4610 _aАкадемическая типография _cПетербург _3RU\NLR\AUTH\8815379 _9303965 |
| 801 | 0 |
_aRU _bNLR _c19990311 |
|
| 852 |
_aNLR _j18.148.6.21 |
||
| 852 |
_aNLR _j138/2359 |
||
| 856 | 0 | _uhttps://vivaldi.nlr.ru/bx000025016/view | |
| 856 | 1 | _uhttps://vivaldi.nlr.ru/bx000025016/cover | |
| 856 | 2 | _uhttps://vivaldi.nlr.ru/bx000025016/text | |
| 899 | _aЗНБ СГУ | ||
| 899 | _aРГБ | ||
| 899 | _aБАН | ||
| 899 | _aМГУ | ||
| 899 | _aГПИБ | ||
| 899 | _aКостОУНБ | ||
| 899 | _aВОУНБ | ||
| 899 | _aЯИАМЗ | ||
| 942 | _cBOOK | ||
| 980 | _aNB | ||
| 980 | 3 | _akpcivil | |
| 980 | 3 | _akp2021 | |
| 980 | 3 | _akp | |
| 980 | _aA1XVIIIv | ||
| 981 | 3 | 3 |
_a(33) Художественная литература _b(33) Отечественная литература |
| 981 | 2 | 0 |
_a(20) Книжные памятники РНБ _b(20) Русский книжный фонд |